Страны с населением меньше 1 миллиона — неожиданная смерть - Statistics

General Stats
  • This quiz has been taken 446 times
  • The average score is 3 of 16
Answers on the Grid
Answers color-coded by a green-red scale on the quiz's grid according to % correct below.
Исландия
Черногория
Мальдивы
Бутан
Гайана
Коморы
Бруней
Белиз
Сейшелы
Мальта
Кабо-Верде
Багамы
Суринам
Фиджи
Люксембург
Вануату
Гамбия
Армения
Эсватини
Косово
Коста-Рика
Ямайка
Словения
Джибути
Гвинея-Бисау
Бахрейн
Латвия
Восточный Тимор
Экваториальная Гвинея
Маврикий
 
Answer Stats
Answer % Correct
Мальта
33%
Люксембург
31%
Фиджи
29%
Мальдивы
25%
Исландия
24%
Сейшелы
24%
Вануату
22%
Багамы
20%
Коморы
17%
Кабо-Верде
16%
Черногория
14%
Бутан
14%
Бруней
12%
Белиз
10%
Суринам
9%
Гайана
6%
No matching quizzes found
Score Distribution
Percent of People with Each Score
Percentile by Number Answered
Your Score History
You have not taken this quiz